[Event "11. Lichtenberger Sommer"]
[Site "Berlin"]
[Date "2012.08.22"]
[Round "5.77"]
[White "Sappok, Marius"]
[Black "Bastian, Reinhard"]
[Result "0-1"]
[WhiteElo "1977"]
[BlackElo "1620"]
[PlyCount "63"]
[EventDate "2012.??.??"]
[WhiteTeam "SC Pirmasens 1912"]
[BlackTeam "vereinslos"]

1. d4 e6 2. c4 f5 3. g3 Nf6 4. Bg2 d5 5. Nh3 c6 6. Qc2 Bd6 7. O-O O-O 8. Bf4
Be7 9. Rd1 h6 10. Nc3 g5 11. Be5 Nbd7 12. cxd5 Nxd5 13. e4 g4 14. exd5 gxh3 15.
Bf3 Nxe5 16. dxe5 exd5 17. Nxd5 cxd5 18. Bxd5+ Kg7 19. Bxb7 Qxd1+ 20. Rxd1 Bxb7
21. Qc7 Bf3 22. Rd7 Rac8 23. Rxe7+ Kg6 24. Qd6+ Kh5 25. Rc7 Rcd8 26. Rd7 Rc8
27. Qd2 Rfe8 28. Rd6 Rh8 29. Qf4 Bg4 30. f3 Rcf8 31. fxg4+ fxg4 32. Rxh6+ 0-1

[Event "11. Lichtenberger Sommer"]
[Site "Berlin"]
[Date "2012.08.22"]
[Round "5.78"]
[White "Grothe, Michael"]
[Black "Günther, Boris"]
[Result "0-1"]
[WhiteElo "1260"]
[BlackElo "1433"]
[PlyCount "74"]
[EventDate "2012.??.??"]
[WhiteTeam "SK König Tegel 1949 e.V."]
[BlackTeam "SF Friedrichshagen"]

1. e4 e5 2. Nf3 Nc6 3. Bc4 Nf6 4. Nc3 Bc5 5. d3 O-O 6. O-O h6 7. a3 d6 8. h3
Bb6 9. Be3 Bxe3 10. fxe3 Na5 11. Ba2 Bd7 12. d4 Qe7 13. d5 b6 14. Qe2 Nb7 15.
b4 a5 16. b5 Nc5 17. Nd2 Kh8 18. a4 Rg8 19. Rf3 g5 20. Raf1 Rg6 21. Qf2 Kg7 22.
Bc4 Rf8 23. Be2 h5 24. Qe1 Rh8 25. Kh2 g4 26. Rxf6 Rxf6 27. Qh4 Rhh6 28. Kg1
Rxf1+ 29. Bxf1 Qxh4 30. Kh2 Qf2 31. Be2 g3+ 32. Kh1 Bxh3 33. Bf1 Bxg2+ 34. Bxg2
Qe1+ 35. Nf1 h4 36. Kg1 Qf2+ 37. Kh1 h3 0-1

[Event "11. Lichtenberger Sommer"]
[Site "Berlin"]
[Date "2012.08.22"]
[Round "5.79"]
[White "Körner, Helmut"]
[Black "Korb, Viktor"]
[Result "0-1"]
[WhiteElo "1936"]
[BlackElo "1629"]
[PlyCount "72"]
[EventDate "2012.??.??"]
[WhiteTeam "Sfr.Nord-Ost Berlin"]
[BlackTeam "SF Siemensstadt"]

1. b4 e5 2. Bb2 d6 3. e3 f5 4. d4 e4 5. Nh3 d5 6. a3 Nf6 7. c4 c6 8. Nc3 Be6 9.
cxd5 cxd5 10. Nf4 Bf7 11. Bb5+ Nbd7 12. Qb3 a6 13. Be2 Nb6 14. O-O Bd6 15. Nh3
h6 16. a4 Rc8 17. Rac1 O-O 18. Nb1 Nc4 19. Bc3 Qc7 20. g3 b5 21. axb5 axb5 22.
Na3 Qb8 23. Nxc4 dxc4 24. Qb2 Nd5 25. Nf4 g5 26. Nxd5 Bxd5 27. Ra1 f4 28. exf4
gxf4 29. Bg4 Rc7 30. Qe2 Rg7 31. f3 e3 32. Kh1 Rxg4 33. gxf4 Bxf4 34. Rg1 Rxg1+
35. Rxg1+ Bg5 36. Rg3 Qf4 0-1

[Event "11. Lichtenberger Sommer"]
[Site "Berlin"]
[Date "2012.08.22"]
[Round "5.81"]
[White "Lang, Martin"]
[Black "Acikel, Mert"]
[Result "1-0"]
[WhiteElo "1909"]
[BlackElo "1791"]
[PlyCount "51"]
[EventDate "2012.??.??"]
[WhiteTeam "SC Zugzwang e.V."]
[BlackTeam "VfB Hermsdorf e.V."]

1. e4 e5 2. Nf3 Nc6 3. Bb5 a6 4. Ba4 Nf6 5. O-O Be7 6. Re1 b5 7. Bb3 d6 8. h3
O-O 9. c3 Re8 10. d4 exd4 11. cxd4 d5 12. e5 Ne4 13. Nc3 Nxc3 14. bxc3 Na5 15.
Bc2 c5 16. dxc5 Bxc5 17. Ng5 g6 18. Nxh7 Kxh7 19. Qh5+ Kg8 20. Bxg6 fxg6 21.
Qxg6+ Kh8 22. Bg5 Be7 23. Bf6+ Bxf6 24. exf6 Re7 25. fxe7 Qg8 26. e8=Q 1-0

[Event "11. Lichtenberger Sommer"]
[Site "Berlin"]
[Date "2012.08.22"]
[Round "5.82"]
[White "Lämmel, Claus-Peter"]
[Black "Baatz, Karl-Heinz"]
[Result "1-0"]
[WhiteElo "1580"]
[BlackElo "1807"]
[PlyCount "55"]
[EventDate "2012.??.??"]
[WhiteTeam "SV Cranzahl 1962"]
[BlackTeam "SF Friedrichshagen"]

1. d4 f5 2. Nf3 Nf6 3. c4 d6 4. Nc3 e6 5. e3 Be7 6. Bd3 O-O 7. a3 a5 8. b3 Nc6
9. Bb2 Qe8 10. Ne2 d5 11. O-O Ne4 12. cxd5 exd5 13. Nf4 Nf6 14. Qc2 Qd7 15. Ne5
Qd6 16. Bxf5 Bxf5 17. Qxf5 Ne4 18. Qe6+ Qxe6 19. Nxe6 Rfc8 20. Rfd1 Nd8 21. Nf4
c6 22. f3 Nf6 23. Ned3 Bd6 24. Kf2 Kf7 25. Bc3 Rc7 26. Ne5+ Kf8 27. h3 Nf7 28.
Ne6+ 1-0

[Event "11. Lichtenberger Sommer"]
[Site "Berlin"]
[Date "2012.08.22"]
[Round "5.84"]
[White "Remboldt, Viktor"]
[Black "Müller, Thomas"]
[Result "1/2-1/2"]
[WhiteElo "1802"]
[BlackElo "1767"]
[PlyCount "120"]
[EventDate "2012.??.??"]
[WhiteTeam "Bille SC von 1924 e.V."]
[BlackTeam "SV Schewe Torm/Derendorf 1928/30"]

1. e4 Nf6 2. Nc3 d5 3. exd5 Nxd5 4. Bc4 Nb6 5. Bb3 Nc6 6. Nf3 Bf5 7. O-O e6 8.
d3 Be7 9. Re1 Na5 10. Bf4 Nxb3 11. axb3 Nd5 12. Nxd5 Qxd5 13. Bxc7 O-O 14. Bg3
Bg4 15. Re4 f5 16. Re5 Qd7 17. h3 Bh5 18. Qe2 Bf7 19. Rea5 b6 20. Ne5 Qb7 21.
Ra6 Be8 22. Qf3 Qc8 23. Rxa7 Rxa7 24. Rxa7 Bf6 25. c4 g5 26. Qb7 Qxb7 27. Rxb7
f4 28. Bxf4 gxf4 29. Ng4 Bd8 30. Kf1 h5 31. Ne5 Bf6 32. d4 Bxe5 33. dxe5 b5 34.
c5 Bc6 35. Rb6 Rc8 36. b4 Kg7 37. Ke2 Kg6 38. Kd3 Kf5 39. Kd4 Rd8+ 40. Kc3 Be8
41. Rd6 Rxd6 42. exd6 Ke5 43. Kd3 Kd5 44. g4 fxg3 45. fxg3 Bd7 46. g4 hxg4 47.
hxg4 e5 48. g5 Ke6 49. g6 Bc6 50. g7 Kf7 51. d7 Bxd7 52. Ke4 Kxg7 53. Kxe5 Kf7
54. Kd6 Ke8 55. c6 Kd8 56. Kc5 Be8 57. Kb6 Kc8 58. Kxb5 Kc7 59. Ka6 Kxc6 60.
b5+ Kc7 1/2-1/2

[Event "11. Lichtenberger Sommer"]
[Site "Berlin"]
[Date "2012.08.22"]
[Round "5.85"]
[White "Laurin, Dirk"]
[Black "Bergmann, Jens"]
[Result "0-1"]
[WhiteElo "1665"]
[BlackElo "1946"]
[PlyCount "88"]
[EventDate "2012.??.??"]
[WhiteTeam "SG Narva Berlin e.V."]
[BlackTeam "SK Tempelhof 1931 e.V."]

1. e4 d5 2. exd5 Qxd5 3. Nf3 Na6 4. d4 Bf5 5. Be2 Nb4 6. Na3 Qe4 7. c3 Nd3+ 8.
Qxd3 Qxd3 9. Bxd3 Bxd3 10. Ne5 Ba6 11. b4 f6 12. Nec4 b6 13. O-O h5 14. Re1 h4
15. Ne3 h3 16. g3 Bd3 17. Nd5 Kf7 18. f3 g5 19. Bb2 Rd8 20. Nxc7 Rd7 21. Rad1
Bf5 22. g4 Rxc7 23. gxf5 Nh6 24. Nc2 Nxf5 25. Ne3 Nh4 26. Kf2 e6 27. a3 Bd6 28.
d5 Re8 29. Ng4 Rc4 30. Re4 b5 31. dxe6+ Rxe6 32. Rxc4 bxc4 33. Rd5 f5 34. Rxd6
Rxd6 35. Ne5+ Ke6 36. Nxc4 Rd3 37. Ba1 Rxf3+ 38. Ke2 f4 39. Nd2 Re3+ 40. Kf1
Nf3 41. Nxf3 Rxf3+ 42. Kg1 Kd5 43. a4 Kc4 44. b5 Kd3 0-1

[Event "11. Lichtenberger Sommer"]
[Site "Berlin"]
[Date "2012.08.22"]
[Round "5.86"]
[White "Hübner, Alan-Ari"]
[Black "Zelanti, Markus"]
[Result "1-0"]
[WhiteElo "1728"]
[BlackElo "1487"]
[PlyCount "105"]
[EventDate "2012.??.??"]
[WhiteTeam "TuS Makkabi Berlin e.V."]
[BlackTeam "Queer-Springer SSV Berlin"]

1. d4 f5 2. c4 Nf6 3. Nc3 g6 4. g3 Bg7 5. Bg2 d6 6. Nf3 O-O 7. O-O Nbd7 8. Ng5
Nb6 9. c5 dxc5 10. dxc5 Qxd1 11. Rxd1 Nc4 12. Nd5 c6 13. Nxe7+ Kh8 14. Nxc8
Raxc8 15. Ne6 Rf7 16. Nxg7 Kxg7 17. b3 Ne5 18. Bb2 Re8 19. e3 h5 20. Rd6 Ne4
21. Bxe4 fxe4 22. Rad1 Kh6 23. Bxe5 Rxe5 24. b4 Kg5 25. h4+ Kh6 26. Rd7 Ree7
27. Rxe7 Rxe7 28. Kg2 Rf7 29. Rd6 Re7 30. f4 exf3+ 31. Kxf3 Rf7+ 32. Ke2 Re7
33. Rd4 Kg7 34. e4 Kf6 35. Ke3 Ke5 36. Rd6 Rg7 37. Rd8 Ke6 38. Kd4 g5 39. Rd6+
Ke7 40. Rh6 gxh4 41. gxh4 Rg2 42. Rxh5 Rxa2 43. Rh7+ Kf6 44. Rxb7 Kg6 45. Rc7
Ra6 46. e5 Ra1 47. Rxc6+ Kf5 48. Rf6+ Kg4 49. e6 Rd1+ 50. Ke5 Rd8 51. e7 Re8
52. Ke6 Rc8 53. Kd7 1-0

[Event "11. Lichtenberger Sommer"]
[Site "Berlin"]
[Date "2012.08.22"]
[Round "5.87"]
[White "Rehder, Frank"]
[Black "Urbaniak, Andreas"]
[Result "1-0"]
[WhiteElo "1879"]
[BlackElo "1708"]
[PlyCount "49"]
[EventDate "2012.??.??"]
[WhiteTeam "SC Zugzwang 95 e.V."]
[BlackTeam "SV Berolina Mitte e.V."]

1. d4 Nf6 2. Nf3 e6 3. b3 c5 4. e3 Nc6 5. Bb2 cxd4 6. exd4 Bb4+ 7. c3 Be7 8.
Bd3 d5 9. Qe2 O-O 10. O-O Qc7 11. Nbd2 Bd6 12. c4 b6 13. Rac1 Qb7 14. a3 Bf4
15. b4 dxc4 16. Rxc4 Bxd2 17. Nxd2 b5 18. Rc5 a6 19. Rfc1 Bd7 20. Rg5 h6 21.
Rg3 Nd5 22. Qg4 g5 23. Qh5 f5 24. Qxh6 g4 25. Rxg4+ 1-0

[Event "11. Lichtenberger Sommer"]
[Site "Berlin"]
[Date "2012.08.22"]
[Round "5.89"]
[White "Ziems, Michael"]
[Black "Köhler, Hans-Christian"]
[Result "1/2-1/2"]
[WhiteElo "1836"]
[BlackElo "1431"]
[PlyCount "140"]
[EventDate "2012.??.??"]
[WhiteTeam "SV Empor Berlin e.V."]
[BlackTeam "Schachgemeinschaft 2011 Sennewit"]

1. e4 Nf6 2. e5 Nd5 3. Nf3 d6 4. c4 Nb6 5. d4 Bg4 6. exd6 cxd6 7. Be2 N8d7 8.
O-O Rc8 9. b3 g6 10. Bb2 Bg7 11. Nbd2 O-O 12. Rc1 Nf6 13. h3 Bxf3 14. Bxf3 d5
15. Re1 e6 16. c5 Nbd7 17. b4 a6 18. a4 Re8 19. Nb3 Nb8 20. Qd3 Re7 21. Bc3 b6
22. b5 axb5 23. axb5 Ra7 24. Ra1 Rxa1 25. Rxa1 Nbd7 26. c6 Nf8 27. Qb1 Ne8 28.
Ra7 Nd6 29. Nc1 Ra8 30. Rxa8 Qxa8 31. Qb4 Nc8 32. Nd3 Qa7 33. g3 Bf6 34. Qb2
Be7 35. Nb4 Bxb4 36. Bxb4 h5 37. Kg2 Nh7 38. h4 Nf6 39. Bd2 Ne8 40. Bf4 Qa4 41.
Bb8 Ned6 42. Be2 Nc4 43. Qb1 Nd2 44. Qd3 Nc4 45. Qb1 Nd2 46. Qd1 Qxd1 47. Bxd1
Ne4 48. Be2 Ned6 49. Kf3 f6 50. Ke3 Nf5+ 51. Kd3 Kf7 52. Bc7 Nfd6 53. Kc2 Ne8
54. Bd8 Ned6 55. Bc7 Ne8 56. Bf4 Ned6 57. f3 Kg7 58. Kc3 Kh7 59. Bd3 f5 60. Kb4
Kg7 61. Be5+ Kf7 62. Be2 Ne8 63. Bf4 Ke7 64. Ka4 Kf7 65. Bd2 Ned6 66. Bb4 Kf6
67. Bc5 Kf7 68. Bxb6 Nxb6+ 69. Ka5 Ndc8 70. Ka6 Kf6 1/2-1/2

[Event "11. Lichtenberger Sommer"]
[Site "Berlin"]
[Date "2012.08.22"]
[Round "5.90"]
[White "Schindler, Rudolf"]
[Black "Schreiber, Ben-Luca"]
[Result "1/2-1/2"]
[WhiteElo "1767"]
[BlackElo "1677"]
[PlyCount "105"]
[EventDate "2012.??.??"]
[WhiteTeam "SG Lasker Steglitz-Wilmersdorf"]
[BlackTeam "SG Lasker Steglitz-Wilmersdorf"]

1. Nf3 Nf6 2. b4 g6 3. Bb2 Bg7 4. e3 O-O 5. Be2 d6 6. d4 Bf5 7. Nbd2 Ne4 8. O-O
Nd7 9. Nh4 Nxd2 10. Qxd2 Be6 11. c4 Nf6 12. Bd3 Re8 13. Qc2 d5 14. c5 c6 15. f4
Ng4 16. Rae1 Nh6 17. f5 Nxf5 18. Nxf5 Bxf5 19. Bxf5 gxf5 20. Qxf5 Rf8 21. Rf3
Qc8 22. Qg5 f6 23. Qg3 Kh8 24. Qh4 Qe6 25. Rh3 Qf5 26. e4 dxe4 27. Rxe4 Rf7 28.
Bc1 Rg8 29. Qe1 Bf8 30. Reh4 Qd5 31. Qf1 Rfg7 32. g3 Qxa2 33. Qf5 Qf7 34. Bh6
Rg6 35. Bxf8 Rxf8 36. Rxh7+ Qxh7 37. Rxh7+ Kxh7 38. Qd7 Rg7 39. Qxb7 Rd8 40.
Qxc6 Rxd4 41. b5 Rc4 42. b6 axb6 43. Qxb6 Rg5 44. Qe6 Rc1+ 45. Kf2 Rc2+ 46. Kf3
Rc3+ 47. Kf4 Re5 48. Qf7+ Kh6 49. c6 Rxc6 50. Qf8+ Kh7 51. Qf7+ Kh6 52. Qg8
Rce6 53. Qh8+ 1/2-1/2

[Event "11. Lichtenberger Sommer"]
[Site "Berlin"]
[Date "2012.08.22"]
[Round "5.91"]
[White "Bollenbach, Horst"]
[Black "Kramer, Ralf"]
[Result "1-0"]
[WhiteElo "1742"]
[BlackElo "1633"]
[PlyCount "117"]
[EventDate "2012.??.??"]
[WhiteTeam "SC Friesen Lichtenberg e.V."]
[BlackTeam "SV Königsjäger Süd-West e.V."]

1. e4 c5 2. Nc3 Nc6 3. Nf3 d6 4. d4 cxd4 5. Nxd4 e5 6. Nb3 Nf6 7. Bg5 Be7 8.
Bxf6 Bxf6 9. Nd5 Bg5 10. Bd3 O-O 11. Nd2 Ne7 12. Bc4 Nxd5 13. Bxd5 Qb6 14. Nc4
Qc7 15. Nxd6 Be7 16. Nxc8 Raxc8 17. c3 Rcd8 18. O-O Kh8 19. Qf3 Rd6 20. Rad1
Rf6 21. Qe2 Qb6 22. Kh1 Bc5 23. Rd2 Be7 24. Rd3 Qc7 25. Rf3 b6 26. Rxf6 Bxf6
27. Qg4 Be7 28. h4 Qd6 29. g3 Qh6 30. Qf5 Bf6 31. Bxf7 g5 32. Be6 gxh4 33. gxh4
Qxh4+ 34. Kg2 Rd8 35. Bd5 Rf8 36. f3 Qh6 37. Rh1 Qg7+ 38. Kf1 Be7 39. Qh5 Bc5
40. Be6 Rd8 41. Bd5 Rf8 42. Be6 Rd8 43. Bd5 Rf8 44. b4 Be3 45. Ke2 Bf4 46. Kd3
Rd8 47. c4 Rc8 48. c5 bxc5 49. bxc5 Rd8 50. Kc4 Be3 51. c6 Qe7 52. Kd3 Bf4 53.
Ke2 Rb8 54. Bb3 Rd8 55. Kf1 Rc8 56. Bd5 Rb8 57. Bb3 Rc8 58. Qg6 Rd8 59. c7 1-0

[Event "11. Lichtenberger Sommer"]
[Site "Berlin"]
[Date "2012.08.22"]
[Round "5.92"]
[White "Bensch, Wolfgang"]
[Black "Engelhardt, Erhard"]
[Result "0-1"]
[WhiteElo "1665"]
[BlackElo "1847"]
[PlyCount "46"]
[EventDate "2012.??.??"]
[WhiteTeam "SC Eintracht Berlin e.V."]
[BlackTeam "SSV Rotation Berlin e.V."]

1. e4 e6 2. d4 d5 3. e5 c5 4. c3 Nc6 5. Nf3 Bd7 6. Bb5 Nxe5 7. Bg5 Nxf3+ 8.
Qxf3 Qxg5 9. Bxd7+ Kxd7 10. dxc5 Bxc5 11. O-O Nf6 12. Nd2 Qxd2 13. b4 Bd6 14.
Rfd1 Qg5 15. a3 Rac8 16. Rd4 h5 17. Rad1 Qe5 18. g3 Ke7 19. Qd3 Rhd8 20. f4 Qf5
21. Qe3 Ne4 22. Rc1 h4 23. c4 hxg3 0-1

[Event "11. Lichtenberger Sommer"]
[Site "Berlin"]
[Date "2012.08.22"]
[Round "5.93"]
[White "Herrmann, Eberhard"]
[Black "Dittrich, Tom"]
[Result "1-0"]
[WhiteElo "1859"]
[BlackElo "1627"]
[PlyCount "89"]
[EventDate "2012.??.??"]
[WhiteTeam "SC Friesen Lichtenberg e.V."]
[BlackTeam "SG Blau-Weiß Stadtilm"]

1. e4 c5 2. Nf3 d6 3. Bc4 Nf6 4. e5 dxe5 5. Nxe5 e6 6. Bb5+ Nbd7 7. d4 cxd4 8.
Qxd4 Be7 9. O-O O-O 10. Nc3 a6 11. Be2 Bc5 12. Qf4 Bd6 13. Nxf7 Bxf4 14. Nxd8
Bxc1 15. Nxe6 Bxb2 16. Na4 Bxa1 17. Rxa1 Rf7 18. Nc7 Rb8 19. Bc4 b5 20. Bxf7+
Kxf7 21. Nc3 Nb6 22. Rd1 b4 23. Ne2 Ke7 24. Nd4 Bb7 25. Nxa6 Bxa6 26. Nc6+ Ke8
27. Nxb8 Bb7 28. Rd6 Nbd5 29. Nc6 Bxc6 30. Rxc6 Kd7 31. Ra6 g6 32. a3 bxa3 33.
c4 Nb4 34. Rxf6 a2 35. Rf7+ Kc6 36. Ra7 Kb6 37. Ra3 Kc5 38. f4 Kxc4 39. g3 Kd4
40. Kf1 Ke4 41. Ke2 h6 42. Kd2 Kd4 43. Kc1 Kc4 44. Kb2 a1=Q+ 45. Rxa1 1-0

[Event "11. Lichtenberger Sommer"]
[Site "Berlin"]
[Date "2012.08.22"]
[Round "5.94"]
[White "Stiewe, Frank"]
[Black "Kurbel, Horst-Peter"]
[Result "1/2-1/2"]
[WhiteElo "1679"]
[BlackElo "1865"]
[PlyCount "81"]
[EventDate "2012.??.??"]
[WhiteTeam "vereinslos"]
[BlackTeam "FC Bayern München e.V."]

1. e4 c5 2. Nf3 d6 3. d4 cxd4 4. Nxd4 Nf6 5. Nc3 a6 6. Be3 e5 7. Nb3 Be6 8. Bd3
Be7 9. f3 Nbd7 10. Qe2 Rc8 11. Nd2 b5 12. a3 Nb6 13. O-O O-O 14. Rfb1 Qc7 15.
Na2 Nc4 16. Bf2 Nh5 17. Bxc4 Nf4 18. Qf1 Bxc4 19. Nxc4 Qxc4 20. c3 Qxf1+ 21.
Kxf1 Nd3 22. Be3 Nc5 23. Rd1 a5 24. Rd5 f5 25. exf5 Rxf5 26. Bxc5 Rxc5 27. Rxc5
dxc5 28. Re1 Bd6 29. h3 Kf7 30. Nc1 c4 31. Re4 Ke6 32. Ne2 Kd5 33. Rg4 g6 34.
Ng3 Rf4 35. Rxf4 exf4 36. Ne4 Be7 37. Ke2 h5 38. Kd2 b4 39. a4 b3 40. Kd1 g5
41. Nf2 1/2-1/2

[Event "11. Lichtenberger Sommer"]
[Site "Berlin"]
[Date "2012.08.22"]
[Round "5.95"]
[White "Krawatzki, Armin"]
[Black "Lippianowski, Stefan"]
[Result "1-0"]
[WhiteElo "1752"]
[BlackElo "1259"]
[PlyCount "31"]
[EventDate "2012.??.??"]
[WhiteTeam "SVG Läufer Reinickendorf e.V."]
[BlackTeam "Treptower SV 1949 e.V."]

1. Nf3 f6 2. e4 e5 3. Bc4 Nc6 4. O-O Bc5 5. c3 Na5 6. Bxg8 Rxg8 7. b4 d5 8.
bxc5 dxe4 9. Qa4+ Nc6 10. Qxe4 f5 11. Qc4 Rf8 12. Nxe5 Qe7 13. Nxc6 Qf7 14.
Re1+ Kd7 15. Qxf7+ Rxf7 16. Nd4 1-0

[Event "11. Lichtenberger Sommer"]
[Site "Berlin"]
[Date "2012.08.22"]
[Round "5.96"]
[White "Tschirschwitz, Stephan"]
[Black "Fischer, Anke"]
[Result "0-1"]
[WhiteElo "1557"]
[BlackElo "1828"]
[PlyCount "92"]
[EventDate "2012.??.??"]
[WhiteTeam "SG Lasker Steglitz-Wilmersdorf"]
[BlackTeam "SG Lasker Steglitz-Wilmersdorf"]

1. c4 c5 2. Nc3 Nc6 3. Nf3 g6 4. d4 cxd4 5. Nxd4 Bg7 6. e3 Nf6 7. Be2 O-O 8. f3
d6 9. O-O a6 10. Qb3 Qc7 11. Nxc6 bxc6 12. Kh1 Be6 13. Qc2 d5 14. c5 a5 15. Na4
Nd7 16. Rb1 d4 17. b3 Ne5 18. exd4 Bf5 19. Qb2 Bxb1 20. Qxb1 Nd7 21. Be3 e5 22.
Rd1 exd4 23. Bxd4 Bxd4 24. Rxd4 Nxc5 25. Nxc5 Qe5 26. Qd3 Qxc5 27. Rc4 Qd5 28.
Qc3 Rfd8 29. Kg1 Qd2 30. Kf2 Qxc3 31. Rxc3 Rd2 32. a4 Re8 33. Re3 Rxe3 34. Kxe3
Rb2 35. Bc4 Rxg2 36. Kd4 Rxh2 37. Kc5 Rf2 38. Kxc6 Rxf3 39. Kb6 Rf5 40. Bb5 h5
41. Kxa5 h4 42. Kb6 h3 43. Ka7 Rf3 44. Bc6 Rxb3 45. a5 Ra3 46. a6 g5 0-1

[Event "11. Lichtenberger Sommer"]
[Site "Berlin"]
[Date "2012.08.22"]
[Round "5.97"]
[White "Meinicke, Kurt"]
[Black "Jeremic, Nemanja"]
[Result "0-1"]
[WhiteElo "1547"]
[BlackElo "1649"]
[PlyCount "52"]
[EventDate "2012.??.??"]
[WhiteTeam "BSG 1827 Eckbauer e.V."]
[BlackTeam "BSC Rehberge 1945 e.V."]

1. d4 Nf6 2. c4 e6 3. Nc3 Be7 4. Nf3 d5 5. Bg5 dxc4 6. e3 c5 7. Bxc4 O-O 8. O-O
Nc6 9. Rc1 a6 10. a3 cxd4 11. exd4 Nd5 12. Bxe7 Ncxe7 13. Re1 b5 14. Bb3 Bb7
15. Ne4 Nb6 16. Bc2 Nc4 17. Qd3 Nf5 18. Nc5 Bxf3 19. Qxf3 Nxd4 20. Bxh7+ Kxh7
21. Qh5+ Kg8 22. Rc3 Qd5 23. Re5 Qxe5 24. Ne4 Qxh5 25. Nf6+ gxf6 26. Rg3+ Kh7
0-1

[Event "11. Lichtenberger Sommer"]
[Site "Berlin"]
[Date "2012.08.22"]
[Round "5.98"]
[White "Güldenpfennig, Gavin"]
[Black "Schneider, Eckehard"]
[Result "0-1"]
[WhiteElo "1544"]
[BlackElo "1795"]
[PlyCount "98"]
[EventDate "2012.??.??"]
[WhiteTeam "BSC Rehberge 1945 e.V."]
[BlackTeam "Sfrd. Berlin 1903 e.V."]

1. e4 e6 2. d4 d5 3. e5 c5 4. c3 Nc6 5. Nf3 Qb6 6. Bd3 Bd7 7. Bc2 Rc8 8. O-O
cxd4 9. cxd4 Nb4 10. Bb3 Bb5 11. Ba4 Bxa4 12. Qxa4+ Nc6 13. Nc3 a6 14. Rb1 Nge7
15. g4 h5 16. Qd1 hxg4 17. Ng5 Qxd4 18. Qe2 Qxe5 19. Qxe5 Nxe5 20. f3 Nxf3+ 21.
Nxf3 gxf3 22. Rxf3 Ng6 23. Bg5 Rc4 24. Re1 Rg4+ 25. Rg3 Rxg3+ 26. hxg3 Kd7 27.
Rd1 Bd6 28. Kg2 Rh5 29. Be3 Ne7 30. Na4 Ke8 31. Rd3 f6 32. Bg1 Rg5 33. Nb6 Rg4
34. a3 Re4 35. Kh3 Re1 36. Bf2 Re2 37. Bd4 e5 38. Bc3 d4 39. Ba5 Bc5 40. b4 e4
41. Rb3 Bxb6 42. Bxb6 d3 43. Rb1 e3 44. b5 d2 45. Ba5 axb5 46. Rd1 Nd5 47. Kg4
b6 48. Bxb6 Nxb6 49. Kf3 Re1 0-1

[Event "11. Lichtenberger Sommer"]
[Site "Berlin"]
[Date "2012.08.22"]
[Round "5.99"]
[White "Dittrich, Hans-Georg"]
[Black "Jiranek, Benno"]
[Result "1-0"]
[WhiteElo "1748"]
[BlackElo "1442"]
[PlyCount "65"]
[EventDate "2012.??.??"]
[WhiteTeam "SG Blau-Weiß Stadtilm"]
[BlackTeam "SC Kreuzberg e.V."]

1. e4 c5 2. Nf3 e6 3. d4 cxd4 4. Nxd4 a6 5. Be2 b5 6. Bf3 Bb7 7. O-O Qc7 8. a4
e5 9. Nf5 g6 10. Ne3 Nf6 11. Nc3 b4 12. Ncd5 Nxd5 13. Nxd5 Bxd5 14. Qxd5 Nc6
15. Be3 Rb8 16. Be2 Qb7 17. Rfd1 d6 18. c3 Be7 19. Bh6 g5 20. Bh5 Nd8 21. Qd3
Rc8 22. cxb4 Ne6 23. Qb3 Nd8 24. b5 Qb6 25. Qd3 Ne6 26. Qb3 Nd8 27. Rac1 Rb8
28. Rc3 Qb7 29. Rf3 Bf8 30. Bxg5 Bg7 31. Bxd8 Kxd8 32. Rxd6+ Ke8 33. Bxf7+ 1-0

[Event "11. Lichtenberger Sommer"]
[Site "Berlin"]
[Date "2012.08.22"]
[Round "5.100"]
[White "Soliva Ruiz, Ramon"]
[Black "Fontaine, Constantin"]
[Result "1-0"]
[WhiteElo "1620"]
[BlackElo "1343"]
[PlyCount "61"]
[EventDate "2012.??.??"]
[WhiteTeam "Ateneo Maritimo Valencia"]
[BlackTeam "SK Tempelhof 1931 e.V."]

1. d4 g6 2. c4 Bg7 3. Nf3 d6 4. e4 c5 5. d5 Nd7 6. Qc2 Ngf6 7. Nc3 O-O 8. Bd3
Re8 9. O-O Nf8 10. Re1 Qc7 11. e5 dxe5 12. Nxe5 e6 13. Nb5 Qb6 14. d6 Rd8 15.
b4 cxb4 16. c5 Qa5 17. Bd2 Nd5 18. a3 Nc3 19. axb4 Qxb4 20. Qxc3 Qxc3 21. Nxc3
Nd7 22. Nxd7 Bxd7 23. Rac1 a6 24. Be4 Bc6 25. Bxc6 bxc6 26. Na4 a5 27. Rb1 Rdb8
28. Rxb8+ Rxb8 29. Bxa5 Ra8 30. d7 Rxa5 31. d8=Q+ 1-0

[Event "11. Lichtenberger Sommer"]
[Site "Berlin"]
[Date "2012.08.22"]
[Round "5.101"]
[White "Hesselbarth, Karlheinz"]
[Black "Vural, Argun"]
[Result "1-0"]
[WhiteElo "1793"]
[BlackElo "1232"]
[PlyCount "91"]
[EventDate "2012.??.??"]
[WhiteTeam "SC Zugzwang 95 e.V."]
[BlackTeam "SV Empor Berlin e.V."]

1. d4 d5 2. Nf3 b5 3. Bf4 Nf6 4. e3 c6 5. c3 Nh5 6. Bg3 Nxg3 7. hxg3 g6 8. Nbd2
Nd7 9. a4 Qb6 10. axb5 cxb5 11. Qb3 Bb7 12. Bxb5 Bc6 13. Bxc6 Qxc6 14. Qa4 Qxa4
15. Rxa4 Bg7 16. Ke2 Nb6 17. Ra6 O-O 18. Rha1 Nc4 19. Nxc4 dxc4 20. Rxa7 Rab8
21. R1a2 e6 22. Kd1 Rb5 23. Ra8 h6 24. Rxf8+ Bxf8 25. Ne5 f6 26. Nxg6 Bd6 27.
Nf4 Bxf4 28. gxf4 Rb6 29. Kc2 Kf7 30. Ra7+ Kg6 31. Rc7 Kf5 32. f3 Ra6 33. Rxc4
Ra1 34. Rc8 Kg6 35. c4 Rg1 36. c5 Rxg2+ 37. Kc3 Kf7 38. c6 Ke7 39. Rh8 Rg6 40.
b4 Kd6 41. b5 Rg7 42. Rxh6 f5 43. e4 fxe4 44. fxe4 Rg4 45. f5 Rxe4 46. Rxe6+
1-0

[Event "11. Lichtenberger Sommer"]
[Site "Berlin"]
[Date "2012.08.22"]
[Round "5.102"]
[White "Heyne, Klaus"]
[Black "Pöltelt, Helmut"]
[Result "0-1"]
[WhiteElo "1464"]
[BlackElo "1732"]
[PlyCount "42"]
[EventDate "2012.??.??"]
[WhiteTeam "SV Berolina Mitte e.V."]
[BlackTeam "SC Rochade e.V."]

1. d4 Nf6 2. c4 g6 3. Nf3 Bg7 4. e3 O-O 5. Be2 d5 6. c5 c6 7. O-O Nbd7 8. h3
Re8 9. Nc3 e5 10. Nxe5 Nxe5 11. dxe5 Rxe5 12. b4 Re8 13. Bb2 Ne4 14. Rc1 Be5
15. f4 Bg7 16. Ba1 Ng3 17. Rf2 d4 18. Na4 dxe3 19. Qxd8 exf2+ 20. Kxf2 Ne4+ 21.
Kf3 Rxd8 0-1

[Event "11. Lichtenberger Sommer"]
[Site "Berlin"]
[Date "2012.08.22"]
[Round "5.103"]
[White "Geist, Wolfgang"]
[Black "Kasper, Peter"]
[Result "1/2-1/2"]
[WhiteElo "1306"]
[BlackElo "1822"]
[PlyCount "54"]
[EventDate "2012.??.??"]
[WhiteTeam "SSV 90 Artern"]
[BlackTeam "SG Eckturm"]

1. d4 d5 2. Nf3 e6 3. e3 Nf6 4. Bd3 Bd6 5. O-O Nbd7 6. Nbd2 O-O 7. c3 Qe7 8.
Qe2 e5 9. e4 exd4 10. cxd4 dxe4 11. Nxe4 Nxe4 12. Qxe4 Qxe4 13. Bxe4 c6 14. Re1
Nf6 15. Bd2 Be6 16. Bc2 h6 17. h3 a5 18. a4 Bc7 19. Bc3 Bd5 20. Ne5 Nh5 21. Be4
Bxe4 22. Rxe4 Nf6 23. Ree1 Nd5 24. Bd2 Rfe8 25. Nf3 Kf8 26. Rxe8+ Rxe8 27. Re1
Rd8 1/2-1/2

[Event "11. Lichtenberger Sommer"]
[Site "Berlin"]
[Date "2012.08.22"]
[Round "5.104"]
[White "Reichert, Lutz"]
[Black "Grozea, Filip"]
[Result "1-0"]
[WhiteElo "1733"]
[BlackElo "822"]
[PlyCount "101"]
[EventDate "2012.??.??"]
[WhiteTeam "Schwarz-Weiß Neukölln e.V."]
[BlackTeam "TSG Oberschöneweide e.V."]

1. Nf3 Nc6 2. c4 Nf6 3. g3 g6 4. Nc3 Bg7 5. Bg2 O-O 6. O-O d6 7. d3 Bg4 8. Rb1
Qd7 9. Bg5 h6 10. Bxf6 Bxf6 11. Qd2 Bxf3 12. Bxf3 Nd4 13. Bxb7 Rab8 14. Bg2 h5
15. e3 Nf5 16. Nd5 Bg7 17. b4 c5 18. bxc5 Rxb1 19. Rxb1 e6 20. c6 Qc8 21. Nf4
e5 22. Ne2 h4 23. Qa5 hxg3 24. Nxg3 Ne7 25. c7 Qd7 26. Qxa7 Rc8 27. Rb8 Kh7 28.
Rxc8 Qxc8 29. Qb8 Kh6 30. Qxc8 Nxc8 31. Bb7 Nb6 32. c8=Q Nxc8 33. Bxc8 Bf6 34.
a4 Bd8 35. Ne4 Kg7 36. Nxd6 Ba5 37. Nb7 Bb6 38. c5 Bc7 39. a5 Bb8 40. c6 Kf8
41. a6 Ba7 42. c7 Ke7 43. Bh3 Bc5 44. c8=Q Kf6 45. Qh8+ Ke7 46. Qxe5+ Kf8 47.
Qxc5+ Kg7 48. a7 Kh6 49. a8=Q Kg7 50. Qe5+ Kh6 51. Qah8# 1-0